[Event "Canarias-chT"]
[Site "Tenerife"]
[Date "2001.??.??"]
[Round "3"]
[White "Sarmiento Alfonso, Braulio Alfonso"]
[Black "De la Cruz Sanchez, Carlos Gustavo"]
[Result "1-0"]
[WhiteElo "2359"]
[BlackElo "2255"]
[PlyCount "69"]
[EventDate "2001.??.??"]
[EventType "team"]
[EventRounds "4"]
[EventCountry "ESP"]
[SourceTitle "EXT 2002"]
[Source "ChessBase"]
[SourceDate "2001.11.25"]
[SourceVersion "1"]
[SourceVersionDate "2001.11.25"]
[SourceQuality "1"]

1. d4 Nf6 2. c4 g6 3. Nc3 Bg7 4. e4 d6 5. Nf3 0-0 6. Be3 e5 7. Be2 Na6 8. 0-0 Bg4 9. dxe5 dxe5 10. Qb3 Qc8 11. Nd5 Kh8 12. Nxf6 Bxf6 13. h3 Bxf3 14. Bxf3 Bg7 15. c5 Nb8 16. Bg4 f5 17. exf5 gxf5 18. Bh5 Nd7 19. f4 Nf6 20. Bf7 e4 21. Rad1 c6 22. Rd6 Qc7 23. Be6 b6 24. Qa4 bxc5 25. Rxc6 Qb7 26. Bxc5 Rfe8 27. Bd4 Rad8 28. Bc3 e3 29. Re1 Rd2 30. Rxe3 Rd1+ 31. Kh2 Rdd8 32. Rg3 Nh5 33. Rxg7 Nxg7 34. Qc4 Qe7 35. Rc7 1-0

[Event "Petropolis 3rd"]
[Site "Petropolis"]
[Date "2000.10.21"]
[Round "1"]
[White "Sarmiento Alfonso, Braulio Alfonso"]
[Black "Arruda D'Oliveira, Agostinho"]
[Result "1-0"]
[WhiteElo "2375"]
[BlackElo "2123"]
[PlyCount "71"]
[EventDate "2000.10.23"]
[EventType "tourn"]
[EventRounds "9"]
[EventCountry "BRA"]
[SourceTitle "EXT 2002"]
[Source "ChessBase"]
[SourceDate "2001.11.25"]
[SourceVersion "1"]
[SourceVersionDate "2001.11.25"]
[SourceQuality "1"]

1. e4 c5 2. Nf3 d6 3. c3 Nf6 4. Bd3 Nc6 5. 0-0 Bg4 6. h3 Bh5 7. Re1 e6 8. Bb5 Qb6 9. Na3 Rd8 10. Qe2 a6 11. Bxc6+ Qxc6 12. d3 Be7 13. Nc2 h6 14. Bf4 e5 15. Bh2 Bg6 16. Ne3 b5 17. b3 0-0 18. Nh4 Nh5 19. Nhf5 Bf6 20. Nd5 Kh8 21. g4 Nf4 22. Bxf4 exf4 23. Nxf6 gxf6 24. Nxh6 d5 25. f3 c4 26. bxc4 bxc4 27. d4 dxe4 28. fxe4 Rfe8 29. Nf5 Bxf5 30. gxf5 Rg8+ 31. Kh2 Rg3 32. Rg1 Rdg8 33. Rxg3 Rxg3 34. Rg1 Qd6 35. Rxg3 fxg3+ 36. Kg2 1-0

[Event "ESP-chT"]
[Site "Barcelona"]
[Date "2000.08.10"]
[Round "6"]
[White "Sarmiento Alfonso, Braulio Alfonso"]
[Black "Mullor Gomez, Luis"]
[Result "0-1"]
[WhiteElo "2375"]
[BlackElo "2331"]
[PlyCount "104"]
[EventDate "2000.08.05"]
[EventType "team"]
[EventRounds "9"]
[EventCountry "ESP"]
[SourceTitle "CBM 077 Extra"]
[Source "ChessBase"]
[SourceDate "2000.09.14"]
[SourceVersion "1"]
[SourceVersionDate "2000.09.14"]
[SourceQuality "1"]

1. Nf3 g6 2. c4 Bg7 3. Nc3 d6 4. d4 Nd7 5. Bg5 h6 6. Bh4 Ngf6 7. e4 g5 8. Bg3 Nh5 9. Be2 Nxg3 10. hxg3 c5 11. Qd2 Qa5 12. d5 a6 13. 0-0 Ne5 14. Nxe5 Bxe5 15. f4 Bd4+ 16. Kh2 g4 17. Bd3 Bd7 18. Qc2 0-0-0 19. Ne2 Bg7 20. Rab1 h5 21. a3 h4 22. b4 Qb6 23. b5 Bf6 24. gxh4 Rxh4+ 25. Kg3 Rdh8 26. bxa6 Qxa6 27. Qb3 Rh2 28. Kf2 R8h3 29. Kg1 Rh1+ 30. Kf2 R1h2 31. Kg1 Rh1+ 32. Kf2 Bh4+ 33. g3 R1h2+ 34. Kg1 Rxe2 35. Bxe2 Rxg3+ 36. Qxg3 Bxg3 37. Rb3 Bh4 38. Rfb1 Bf6 39. Kg2 Kc7 40. Kg3 Ba4 41. Rxb7+ Qxb7 42. Rxb7+ Kxb7 43. Kxg4 Bb2 44. Bd3 Bxa3 45. e5 Bd7+ 46. Kf3 Kc7 47. Ke4 Bb2 48. Be2 Ba4 49. Bd3 Kd7 50. exd6 Kxd6 51. Bb1 Bd1 52. Bd3 Bh5 0-1

[Event "ESP-chT"]
[Site "Barcelona"]
[Date "2000.08.07"]
[Round "3"]
[White "Defez Gomez, Juan Francisco"]
[Black "Sarmiento Alfonso, Braulio Alfonso"]
[Result "1/2-1/2"]
[WhiteElo "2173"]
[BlackElo "2375"]
[PlyCount "61"]
[EventDate "2000.08.05"]
[EventType "team"]
[EventRounds "9"]
[EventCountry "ESP"]
[SourceTitle "CBM 077 Extra"]
[Source "ChessBase"]
[SourceDate "2000.09.14"]
[SourceVersion "1"]
[SourceVersionDate "2000.09.14"]
[SourceQuality "1"]

1. e4 c5 2. Nc3 e6 3. g3 d5 4. exd5 exd5 5. d3 Nf6 6. Bg5 Be7 7. Bg2 0-0 8. Nge2 d4 9. Bxf6 Bxf6 10. Ne4 Nc6 11. 0-0 Be7 12. Nd2 Bg4 13. h3 Bd7 14. Nf4 Bg5 15. Ne2 f5 16. h4 Bh6 17. f4 Be6 18. Nf3 Re8 19. c3 g6 20. c4 Qd6 21. Ng5 Bxg5 22. hxg5 Re7 23. Qd2 Rae8 24. Rae1 Bf7 25. Nc1 Re3 26. Kf2 a6 27. Re2 b5 28. b3 Rxe2+ 29. Nxe2 bxc4 30. bxc4 Re3 31. Re1 1/2-1/2

[Event "Las Palmas op"]
[Site "Las Palmas"]
[Date "1999.12.08"]
[Round "8"]
[White "Sarmiento Alfonso, Braulio Alfonso"]
[Black "Enjuto Velasco, Roberto"]
[Result "1/2-1/2"]
[WhiteElo "2383"]
[BlackElo "2117"]
[PlyCount "118"]
[EventDate "1999.12.01"]
[EventType "swiss"]
[EventRounds "9"]
[EventCountry "ESP"]
[SourceTitle "CBM 073 Extra"]
[Source "ChessBase"]
[SourceDate "2000.01.11"]
[SourceVersion "1"]
[SourceVersionDate "2000.01.11"]
[SourceQuality "1"]

1. Nf3 Nf6 2. c4 g6 3. Nc3 Bg7 4. g3 0-0 5. Bg2 d6 6. 0-0 e5 7. d3 c6 8. Rb1 a5 9. a3 Re8 10. Bg5 Nbd7 11. b4 axb4 12. axb4 h6 13. Bc1 d5 14. Nd2 Nf8 15. Qb3 Be6 16. Rd1 N8h7 17. Nf3 Qc7 18. b5 dxc4 19. dxc4 Rad8 20. Rxd8 Rxd8 21. bxc6 bxc6 22. Be3 Nd7 23. Qa4 Rb8 24. Rxb8+ Nxb8 25. Qa8 Nf8 26. Nd2 Nfd7 27. Na4 Kh7 28. Nc5 Nxc5 29. Bxc5 Nd7 30. Be3 c5 31. Bd5 Nb6 32. Qa2 Bxd5 33. cxd5 Qd7 34. Bxc5 Qxd5 35. Qxd5 Nxd5 36. e4 Nc3 37. f3 Kg8 38. Nc4 f6 39. Kf1 Bf8 40. Be3 Kf7 41. Ke1 Nb5 42. Ke2 Nd6 43. Nb6 Ke6 44. Kd3 f5 45. Bc5 Bg7 46. Bxd6 Kxd6 47. Kc4 Ke6 48. Kc5 h5 49. h3 Bh6 50. Kc6 Be3 51. Nd5 Bf2 52. g4 hxg4 53. hxg4 fxg4 54. fxg4 Bh4 55. Nc7+ Kf6 56. Kd6 Kg5 57. Ne6+ Kxg4 58. Kxe5 Bg3+ 59. Kf6 Kf3 1/2-1/2

[Event "Corte Ingles op"]
[Site "Corte Ingles"]
[Date "1998.??.??"]
[Round "?"]
[White "Sarmiento Alfonso, Braulio Alfonso"]
[Black "Alvarado Ascanio, Francisco"]
[Result "1-0"]
[WhiteElo "2410"]
[BlackElo "2160"]
[PlyCount "41"]
[EventDate "1998.??.??"]
[EventType "swiss"]
[EventRounds "9"]
[EventCountry "ESP"]
[SourceTitle "EXT 2002"]
[Source "ChessBase"]
[SourceDate "2001.11.25"]
[SourceVersion "1"]
[SourceVersionDate "2001.11.25"]
[SourceQuality "1"]

1. Nf3 e6 2. g3 f5 3. Bg2 Nf6 4. 0-0 Be7 5. d3 0-0 6. c4 d6 7. Nc3 Qe8 8. e4 fxe4 9. dxe4 Qh5 10. Nd4 Qxd1 11. Rxd1 Na6 12. h3 c6 13. Rb1 Nc7 14. Nf3 e5 15. c5 dxc5 16. Nxe5 Re8 17. Be3 Be6 18. Nd3 b6 19. Nf4 Rad8 20. Nxe6 Nxe6 21. e5 1-0

[Event "Corte Ingles op"]
[Site "Corte Ingles"]
[Date "1998.??.??"]
[Round "?"]
[White "Sarmiento Alfonso, Braulio Alfonso"]
[Black "Gonzalez Intelangelo, Gerardo"]
[Result "1-0"]
[WhiteElo "2410"]
[BlackElo "2230"]
[PlyCount "71"]
[EventDate "1998.??.??"]
[EventType "swiss"]
[EventRounds "9"]
[EventCountry "ESP"]
[SourceTitle "EXT 2002"]
[Source "ChessBase"]
[SourceDate "2001.11.25"]
[SourceVersion "1"]
[SourceVersionDate "2001.11.25"]
[SourceQuality "1"]

1. c4 Nf6 2. Nf3 e6 3. g3 b6 4. Bg2 Bb7 5. 0-0 Be7 6. d4 d5 7. cxd5 Nxd5 8. Re1 c5 9. e4 Nf6 10. e5 Nd5 11. dxc5 Bxc5 12. Nc3 Nxc3 13. Qxd8+ Kxd8 14. bxc3 h6 15. Ng5 Bxg2 16. Nxf7+ Ke8 17. Nxh8 Bh3 18. Ng6 Bf5 19. Nh4 Bc2 20. Be3 Ba3 21. Re2 Ba4 22. Rd2 Nc6 23. f4 Rc8 24. Re1 Na5 25. Bd4 Nc4 26. Rde2 Nb2 27. f5 Kf7 28. fxe6+ Kxe6 29. Ng6 Nd1 30. Nf4+ Ke7 31. e6 g5 32. Ng6+ Ke8 33. e7 Kf7 34. Ne5+ Ke8 35. Ng4 Kf7 36. Nxh6+ 1-0

[Event "ESP-chTB"]
[Site "Ponferrada"]
[Date "1997.??.??"]
[Round "2"]
[White "Rojas Franco, Miguel"]
[Black "Sarmiento Alfonso, Braulio Alfonso"]
[Result "1-0"]
[WhiteElo "2140"]
[BlackElo "2420"]
[PlyCount "89"]
[EventDate "1997.??.??"]
[EventType "team"]
[EventRounds "9"]
[EventCountry "ESP"]
[SourceTitle "EXT 2002"]
[Source "ChessBase"]
[SourceDate "2001.11.25"]
[SourceVersion "1"]
[SourceVersionDate "2001.11.25"]
[SourceQuality "1"]

1. Nf3 d5 2. g3 c6 3. Bg2 Bg4 4. b3 Nd7 5. h3 Bh5 6. Bb2 Ngf6 7. d3 e6 8. g4 Bg6 9. Nbd2 Bd6 10. Nh4 a5 11. Nxg6 hxg6 12. a4 Qc7 13. c4 Bb4 14. Rc1 dxc4 15. bxc4 Nxg4 16. Bxg7 Qf4 17. Bf3 Nxf2 18. Kxf2 Bxd2 19. Bxh8 Bxc1 20. Qxc1 Qh4+ 21. Kg2 Qxh8 22. Qd2 Qd4 23. Rb1 Nc5 24. Qg5 e5 25. e3 Qc3 26. Rf1 Nxd3 27. Be4 Rd8 28. Qf6 Qxc4 29. Bxd3 Rxd3 30. Qxe5+ Kd7 31. Kg1 Qd5 32. Qb8 Qg5+ 33. Kh1 Qd5+ 34. Kg1 Rb3 35. Qf8 Qg5+ 36. Kh1 f5 37. Qf7+ Kc8 38. Qxb3 Qg3 39. Qg8+ Kc7 40. Qh7+ Kb8 41. Qh6 Ka7 42. Rg1 Qf3+ 43. Kh2 Qe2+ 44. Rg2 Qd1 45. Qf4 1-0

[Event "ESP-chTB"]
[Site "Ponferrada"]
[Date "1997.??.??"]
[Round "3"]
[White "Sarmiento Alfonso, Braulio Alfonso"]
[Black "Jose Abril, Ramon"]
[Result "1-0"]
[WhiteElo "2420"]
[BlackElo "2390"]
[PlyCount "78"]
[EventDate "1997.??.??"]
[EventType "team"]
[EventRounds "9"]
[EventCountry "ESP"]
[SourceTitle "EXT 2002"]
[Source "ChessBase"]
[SourceDate "2001.11.25"]
[SourceVersion "1"]
[SourceVersionDate "2001.11.25"]
[SourceQuality "1"]

1. e4 c5 2. d3 d5 3. Nd2 Nc6 4. Ngf3 Nf6 5. g3 g6 6. Bg2 Bg7 7. 0-0 0-0 8. c3 d4 9. c4 e5 10. Ne1 Qe7 11. Qe2 Rb8 12. Kh1 Ne8 13. f4 Nd6 14. Ndf3 f6 15. Bd2 Bd7 16. Nc2 Nf7 17. Rab1 a5 18. b3 b6 19. a3 b5 20. cxb5 Rxb5 21. a4 Rb7 22. Na3 Rfb8 23. Nc4 Be6 24. f5 Bxc4 25. dxc4 Rxb3 26. Rxb3 Rxb3 27. fxg6 hxg6 28. Nh4 Nh8 29. Qg4 Qe8 30. Bh3 Nb4 31. Ra1 Rb2 32. Qd1 Qf7 33. Bf1 Qb7 34. Bg2 Kh7 35. Kg1 Nc6 36. Bc1 Rb1 37. Rxb1 Qxb1 38. Kf2 Bh6 39. Qg4 Qc2+ 1-0

[Event "Gran Canaria op"]
[Site "Gran Canaria"]
[Date "1996.??.??"]
[Round "?"]
[White "Alvarado Ascanio, Francisco"]
[Black "Sarmiento Alfonso, Braulio Alfonso"]
[Result "0-1"]
[WhiteElo "2140"]
[BlackElo "2330"]
[PlyCount "48"]
[EventDate "1996.??.??"]
[EventType "swiss"]
[EventRounds "9"]
[EventCountry "ESP"]
[SourceTitle "EXT 1997"]
[Source "ChessBase"]
[SourceDate "1996.11.15"]
[SourceVersion "1"]
[SourceVersionDate "1996.11.15"]
[SourceQuality "1"]

1. d4 c5 2. d5 g6 3. Nf3 Bg7 4. c4 f5 5. Qc2 Nf6 6. Nc3 0-0 7. g3 d6 8. Bg2 e5 9. dxe6 Nc6 10. 0-0 Bxe6 11. b3 Nb4 12. Qd2 Ne4 13. Nxe4 fxe4 14. Ng5 Bf5 15. a3 e3 16. fxe3 Qxg5 17. axb4 Bxa1 18. Qd5+ Kh8 19. e4 Qg4 20. exf5 Rxf5 21. Qxd6 Rxf1+ 22. Kxf1 Qf5+ 23. Bf4 g5 24. e4 Qf8 0-1

[Event "Las Palmas op"]
[Site "Las Palmas"]
[Date "1996.??.??"]
[Round "7"]
[White "Calzetta Ruiz, Monica"]
[Black "Sarmiento Alfonso, Braulio Alfonso"]
[Result "1-0"]
[WhiteElo "2235"]
[BlackElo "2435"]
[PlyCount "95"]
[EventDate "1996.11.??"]
[EventType "swiss"]
[EventRounds "9"]
[EventCountry "ESP"]
[SourceTitle "EXT 1999"]
[Source "ChessBase"]
[SourceDate "1998.11.16"]
[SourceVersion "1"]
[SourceVersionDate "1998.11.16"]
[SourceQuality "1"]

1. e4 g6 2. d4 Bg7 3. Nf3 d6 4. h3 Nf6 5. Nc3 c6 6. Be2 0-0 7. 0-0 Nbd7 8. a4 e5 9. dxe5 dxe5 10. Qd6 Re8 11. Bg5 Bf8 12. Qd2 a5 13. Bc4 Qe7 14. Rfe1 Bg7 15. Rad1 Qb4 16. b3 Nb6 17. Bf1 Nfd7 18. Qe3 f6 19. Bh4 Qf8 20. Nh2 g5 21. Bg3 Qc5 22. f3 Bf8 23. Bf2 Qxe3 24. Rxe3 Bc5 25. Red3 Bxf2+ 26. Kxf2 Nc5 27. Rd6 Kf7 28. Ng4 Bxg4 29. hxg4 Ne6 30. Bc4 Nxc4 31. bxc4 Red8 32. Rd7+ Ke8 33. Rxb7 Rxd1 34. Nxd1 Rd8 35. Ne3 Nd4 36. Rxh7 Ne6 37. Ra7 Nf4 38. Ke1 Rb8 39. Rxa5 Rb1+ 40. Kd2 Rg1 41. Ra7 Nxg2 42. Nxg2 Rxg2+ 43. Kc3 Rf2 44. a5 Kd8 45. a6 Kc8 46. Ra8+ Kc7 47. c5 Rxf3+ 48. Kb2 1-0

[Event "ESP-chTA"]
[Site "Oropesa del Mar"]
[Date "1996.??.??"]
[Round "9"]
[White "Sarmiento Alfonso, Braulio Alfonso"]
[Black "Fernandez Garcia, Jose Luis"]
[Result "1-0"]
[WhiteElo "2435"]
[BlackElo "2490"]
[PlyCount "45"]
[EventDate "1996.??.??"]
[EventType "team-swiss"]
[EventRounds "9"]
[EventCountry "ESP"]
[SourceTitle "EXT 1998"]
[Source "ChessBase"]
[SourceDate "1997.11.17"]
[SourceVersion "1"]
[SourceVersionDate "1997.11.17"]
[SourceQuality "1"]

1. Nf3 Nf6 2. g3 b5 3. Bg2 Bb7 4. 0-0 e6 5. d3 c5 6. Nbd2 Be7 7. e4 d5 8. Qe2 0-0 9. Re1 dxe4 10. dxe4 c4 11. e5 Nd5 12. Ne4 Nd7 13. h4 Qc7 14. Bg5 Nxe5 15. Nd4 a6 16. Bxe7 Qxe7 17. Ng5 Nd7 18. Nxh7 Kxh7 19. Bxd5 Bxd5 20. Qh5+ Kg8 21. Qxd5 Nf6 22. Qg5 Rac8 23. Nf5 1-0

[Event "Gran Canaria op"]
[Site "Gran Canaria"]
[Date "1996.??.??"]
[Round "?"]
[White "Sarmiento Alfonso, Braulio Alfonso"]
[Black "Galvan Sarmiento, Jose Luis"]
[Result "1-0"]
[WhiteElo "2330"]
[BlackElo "2095"]
[PlyCount "69"]
[EventDate "1996.??.??"]
[EventType "swiss"]
[EventRounds "9"]
[EventCountry "ESP"]
[SourceTitle "EXT 1997"]
[Source "ChessBase"]
[SourceDate "1996.11.15"]
[SourceVersion "1"]
[SourceVersionDate "1996.11.15"]
[SourceQuality "1"]

1. Nf3 d5 2. c4 c6 3. d4 Nf6 4. Nc3 dxc4 5. e4 b5 6. e5 Nd5 7. a4 Bb7 8. e6 f6 9. Ne4 Qc8 10. Nc5 Na6 11. Nxb7 Qxb7 12. axb5 cxb5 13. b3 Qc6 14. bxc4 bxc4 15. Qa4 Qxa4 16. Rxa4 Nac7 17. Bxc4 Nb6 18. Bb3 Nxa4 19. Bxa4+ Kd8 20. d5 Nxd5 21. 0-0 Kc7 22. Bb3 Rd8 23. Rd1 Nc3 24. Bf4+ Kc8 25. Rc1 Rd3 26. Bd2 g6 27. Bxc3 Kb8 28. Bc4 Rd6 29. Bd2 g5 30. Bb4 Rb6 31. Bc5 Rb2 32. Ba6 Bh6 33. g4 Rd8 34. Nd4 Ra2 35. Rb1+ 1-0

[Event "Gran Canaria op"]
[Site "Gran Canaria"]
[Date "1996.??.??"]
[Round "?"]
[White "Sarmiento Alfonso, Braulio Alfonso"]
[Black "Mol, Robert"]
[Result "1-0"]
[WhiteElo "2330"]
[BlackElo "2155"]
[PlyCount "55"]
[EventDate "1996.??.??"]
[EventType "swiss"]
[EventRounds "9"]
[EventCountry "ESP"]
[SourceTitle "EXT 1997"]
[Source "ChessBase"]
[SourceDate "1996.11.15"]
[SourceVersion "1"]
[SourceVersionDate "1996.11.15"]
[SourceQuality "1"]

1. Nf3 Nf6 2. c4 e6 3. g3 c5 4. Bg2 Nc6 5. 0-0 Be7 6. b3 0-0 7. Bb2 d5 8. e3 Qb6 9. Na3 d4 10. exd4 cxd4 11. d3 Bxa3 12. Bxa3 Re8 13. Re1 e5 14. Bd6 e4 15. c5 Qb4 16. dxe4 Rxe4 17. Rxe4 Nxe4 18. Nxd4 Nc3 19. Nxc6 bxc6 20. Qe1 Bd7 21. Be5 Nxa2 22. Qd1 Bg4 23. f3 Be6 24. Rxa2 Bxb3 25. Rb2 Qxc5+ 26. Bd4 Bxd1 27. Bxc5 Ba4 28. Bxa7 1-0

[Event "ESP-chTA"]
[Site "Oropesa del Mar"]
[Date "1996.??.??"]
[Round "7"]
[White "Torrecillas Martinez, Antonio"]
[Black "Sarmiento Alfonso, Braulio Alfonso"]
[Result "0-1"]
[WhiteElo "2355"]
[BlackElo "2435"]
[PlyCount "68"]
[EventDate "1996.??.??"]
[EventType "team-swiss"]
[EventRounds "9"]
[EventCountry "ESP"]
[SourceTitle "EXT 1998"]
[Source "ChessBase"]
[SourceDate "1997.11.17"]
[SourceVersion "1"]
[SourceVersionDate "1997.11.17"]
[SourceQuality "1"]

1. Nf3 g6 2. c4 Bg7 3. Nc3 d6 4. d4 e5 5. e3 Nd7 6. b3 Ngf6 7. Be2 0-0 8. Bb2 Qe7 9. Qc2 Re8 10. 0-0-0 e4 11. Nd2 c5 12. d5 Nf8 13. h3 h5 14. g4 hxg4 15. hxg4 N8h7 16. Rxh7 Nxh7 17. Ncxe4 f5 18. Bxg7 Kxg7 19. Qb2+ Nf6 20. gxf5 Bxf5 21. Ng3 Qe5 22. Nxf5+ Qxf5 23. Rg1 Qxf2 24. Rf1 Qh4 25. Qc3 Qg5 26. Rf3 Qe5 27. Qc2 Rh8 28. Nf1 Rh1 29. Bd3 Rah8 30. Qg2 Qc3+ 31. Bc2 R8h6 32. Kd1 Qe5 33. Ke1 Kh8 34. Qf2 R6h2 0-1

[Event "Las Palmas op"]
[Site "Las Palmas"]
[Date "1995.??.??"]
[Round "4"]
[White "Sanchez, Raul"]
[Black "Sarmiento Alfonso, Braulio Alfonso"]
[Result "0-1"]
[WhiteElo "2200"]
[BlackElo "2300"]
[PlyCount "60"]
[EventDate "1995.11.??"]
[EventType "swiss"]
[EventRounds "9"]
[EventCountry "ESP"]
[SourceTitle "EXT 1998"]
[Source "ChessBase"]
[SourceDate "1997.11.17"]
[SourceVersion "1"]
[SourceVersionDate "1997.11.17"]
[SourceQuality "1"]

1. f4 d5 2. c4 dxc4 3. Na3 e5 4. e4 Bxa3 5. Qa4+ Nc6 6. Qxa3 Qd4 7. d3 cxd3 8. Nf3 Qxe4+ 9. Kf2 Bf5 10. Bd2 Nf6 11. fxe5 Ng4+ 12. Kg1 0-0-0 13. Re1 Qd5 14. h3 h5 15. Qc3 Nh6 16. b4 Kb8 17. Rc1 Rhe8 18. a4 Rd7 19. Bf4 Nd8 20. Qd2 Ne6 21. Be3 Be4 22. Qf2 Nf5 23. Bxa7+ Ka8 24. Nd2 h4 25. a5 Ng3 26. Be3 Qxe5 27. Nc4 Qb5 28. Qa2 Kb8 29. Qb2 f6 30. a6 bxa6 0-1

[Event "Las Palmas op"]
[Site "Las Palmas"]
[Date "1995.??.??"]
[Round "3"]
[White "Sarmiento Alfonso, Braulio Alfonso"]
[Black "Garcia Padron, Jose"]
[Result "1-0"]
[WhiteElo "2300"]
[BlackElo "2410"]
[PlyCount "53"]
[EventDate "1995.11.??"]
[EventType "swiss"]
[EventRounds "9"]
[EventCountry "ESP"]
[SourceTitle "EXT 1998"]
[Source "ChessBase"]
[SourceDate "1997.11.17"]
[SourceVersion "1"]
[SourceVersionDate "1997.11.17"]
[SourceQuality "1"]

1. d4 Nf6 2. c4 e6 3. Nc3 Bb4 4. e3 c5 5. Bd3 Bxc3+ 6. bxc3 Nc6 7. Ne2 e5 8. dxe5 Nxe5 9. e4 d6 10. 0-0 Be6 11. f4 Nxd3 12. Qxd3 Qe7 13. Ng3 0-0 14. f5 Bc8 15. Bg5 h6 16. Bf4 Rd8 17. Rad1 Ne8 18. e5 Qd7 19. exd6 a5 20. Rfe1 b6 21. Re2 Nf6 22. Be5 Nh7 23. f6 gxf6 24. Bf4 h5 25. Rde1 Bb7 26. Nxh5 Qg4 27. Qxh7+ 1-0

[Event "Santa Cruz de la Palma op"]
[Site "Santa Cruz de Tenerife"]
[Date "1995.??.??"]
[Round "?"]
[White "Sarmiento Alfonso, Braulio Alfonso"]
[Black "Reyes Larena, Juan"]
[Result "1/2-1/2"]
[WhiteElo "2255"]
[BlackElo "2430"]
[PlyCount "58"]
[EventDate "1995.07.??"]
[EventType "swiss"]
[EventRounds "9"]
[EventCountry "ESP"]
[SourceTitle "EXT 1997"]
[Source "ChessBase"]
[SourceDate "1996.11.15"]
[SourceVersion "1"]
[SourceVersionDate "1996.11.15"]
[SourceQuality "1"]

1. Nf3 Nf6 2. c4 g6 3. b4 Bg7 4. Bb2 d6 5. e3 0-0 6. d4 e5 7. Nc3 e4 8. Nd2 Re8 9. Be2 h5 10. 0-0 Nbd7 11. Qc2 Qe7 12. Rae1 Nf8 13. f3 exf3 14. Bxf3 c6 15. b5 Bd7 16. bxc6 bxc6 17. e4 Ng4 18. Nb3 Rab8 19. e5 dxe5 20. h3 Qh4 21. d5 e4 22. Nxe4 Ne5 23. g3 Qd8 24. Bg2 cxd5 25. cxd5 Bb5 26. Kh1 Bd3 27. Qc3 Bxf1 28. Rxf1 Qb6 29. Ba1 Nfd7 1/2-1/2

[Event "Las Palmas op"]
[Site "Las Palmas"]
[Date "1994.??.??"]
[Round "?"]
[White "Pogorelov, Ruslan"]
[Black "Sarmiento Alfonso, Braulio Alfonso"]
[Result "1-0"]
[WhiteElo "2415"]
[BlackElo "2230"]
[PlyCount "59"]
[EventDate "1994.??.??"]
[EventType "swiss"]
[EventRounds "9"]
[EventCountry "ESP"]
[SourceTitle "EXT 2003"]
[Source "ChessBase"]
[SourceDate "2002.11.25"]
[SourceVersion "1"]
[SourceVersionDate "2002.11.25"]
[SourceQuality "1"]

1. Nf3 d5 2. d4 c6 3. c4 e6 4. Nc3 Nf6 5. e3 Nbd7 6. Qc2 Bd6 7. Be2 0-0 8. 0-0 e5 9. cxd5 cxd5 10. Nb5 Bb8 11. dxe5 Nxe5 12. b3 Nxf3+ 13. Bxf3 a6 14. Nd4 Qd6 15. g3 Bh3 16. Rd1 Ba7 17. Bb2 Rac8 18. Qd3 Qd7 19. Rac1 Rcd8 20. Ne2 Bf5 21. Qc3 Rc8 22. Qd2 Rxc1 23. Nxc1 Rc8 24. Bxf6 gxf6 25. Nd3 d4 26. e4 Bg4 27. Qf4 Bxf3 28. Qxf3 Qe6 29. Nf4 Qe5 30. Qg4+ 1-0

[Event "Las Palmas op"]
[Site "Las Palmas"]
[Date "1994.??.??"]
[Round "?"]
[White "Sarmiento Alfonso, Braulio Alfonso"]
[Black "Ferron Garcia, Carlos"]
[Result "0-1"]
[WhiteElo "2230"]
[BlackElo "2345"]
[PlyCount "80"]
[EventDate "1994.??.??"]
[EventType "swiss"]
[EventRounds "9"]
[EventCountry "ESP"]
[SourceTitle "EXT 2003"]
[Source "ChessBase"]
[SourceDate "2002.11.25"]
[SourceVersion "1"]
[SourceVersionDate "2002.11.25"]
[SourceQuality "1"]

1. d4 d5 2. c4 Nc6 3. Nc3 dxc4 4. e3 e5 5. d5 Na5 6. Nf3 Bd6 7. Qa4+ c6 8. dxc6 Nxc6 9. Bxc4 Nf6 10. a3 0-0 11. b4 e4 12. Nd2 Qe7 13. Bb2 Bf5 14. Be2 a6 15. Qb3 Rfd8 16. Nc4 Be6 17. Qc2 Bxc4 18. Bxc4 Rac8 19. Be2 Qe6 20. Rc1 Ne5 21. h3 Ng6 22. Qb1 Be5 23. Ba1 b5 24. 0-0 Nh4 25. Rfd1 Qf5 26. Rxd8+ Rxd8 27. Rd1 Rc8 28. Bg4 Nxg4 29. hxg4 Qxg4 30. Qxe4 Qh5 31. Rd5 Ng6 32. f4 Qh4 33. fxe5 Qe1+ 34. Kh2 Qxa1 35. Rc5 Rxc5 36. bxc5 Qxc3 37. Qa8+ Nf8 38. Qd5 g6 39. c6 Ne6 40. Qd6 Kg7 0-1